| 000 | 00734nam a22002417a 4500 | ||
|---|---|---|---|
| 001 | 000711 | ||
| 003 | DO-SdBNP | ||
| 005 | 20180212134354.0 | ||
| 007 | 000711 | ||
| 008 | 161117b 2002 sp a ||||| |||| 00| 0 spa d | ||
| 040 |
_aBPMSU _bspa _cBPMSU |
||
| 082 |
_axxxx _bxxxx |
||
| 100 | 1 | _aPardina, Rosa | |
| 245 | 1 | 0 |
_aLa montaña sana / _c[Rosa Pardina ; ilustraciones, Bernat Serrat] ; prólogo Federico Mayor Zaragoza. |
| 250 | _a2a ed. | ||
| 260 |
_aMadrid : _bAltea, _c2002. |
||
| 300 |
_a[24] p. : _bil. ; _c23 cm. |
||
| 700 | 1 | 2 |
_aSerrat, Bernat, _eil. |
| 700 | 1 | 2 |
_aMayor Zaragoza, Federico, _epról. |
| 942 |
_2ddc _cBK |
||
| 945 | _ainventariado, 2018 / dg | ||
| 956 |
_2LOPEREZ _310 _620161117 _8BPMSU _a00041 |
||
| 999 |
_c11986 _d11986 |
||